[Event "Arvier Spring op"]
[Site "Arvier"]
[Date "2018.04.23"]
[Round "4"]
[White "Sala, Tiziano Paolo"]
[Black "Trangoni, Bruno"]
[Result "0-1"]
[WhiteElo "1916"]
[BlackElo "1901"]
[PlyCount "70"]
[EventDate "2018.04.21"]
[EventType "swiss"]
[EventRounds "7"]
[EventCountry "ITA"]
[SourceTitle "CBM 184 Extra"]
[Source "ChessBase"]
[SourceDate "2018.06.28"]
[SourceVersion "1"]
[SourceVersionDate "2018.06.28"]
[SourceQuality "1"]

1. b3 d5 2. Nf3 Nf6 3. Bb2 e6 4. g3 c5 5. e3 Be7 6. Bg2 Nc6 7. d4 b6 8. 0-0 0-0 9. Nbd2 Bb7 10. Ne5 Qc7 11. Ndf3 h6 12. Nxc6 Bxc6 13. Ne5 Bb7 14. Rc1 Rfd8 15. Qe2 a5 16. Rfd1 a4 17. dxc5 bxc5 18. c4 axb3 19. axb3 Ra2 20. Rc2 Rxb2 21. Rxb2 Qxe5 22. f4 Qc7 23. g4 d4 24. g5 hxg5 25. fxg5 Ne4 26. Bxe4 Bxe4 27. exd4 Qf4 28. Qf1 Qxg5+ 29. Kf2 Qh4+ 30. Ke2 Qg4+ 31. Kf2 Bh4+ 32. Ke3 Bg5+ 33. Kf2 Qf3+ 34. Ke1 Bh4+ 35. Rf2 Qe3+ 0-1

[Event "Arvier Spring op-A"]
[Site "Arvier"]
[Date "2017.04.24"]
[Round "6"]
[White "Laketic, Gojko"]
[Black "Sala, Tiziano Paolo"]
[Result "1-0"]
[WhiteElo "2364"]
[BlackElo "1857"]
[PlyCount "43"]
[EventDate "2017.04.21"]
[EventType "swiss"]
[EventRounds "7"]
[EventCountry "ITA"]
[SourceTitle "CBM 178 Extra"]
[Source "ChessBase"]
[SourceDate "2017.06.22"]
[SourceVersion "1"]
[SourceVersionDate "2017.06.22"]
[SourceQuality "1"]

1. d4 Nf6 2. Nf3 e6 3. c4 b6 4. g3 Bb7 5. Bg2 d5 6. Ne5 Bb4+ 7. Nc3 Bxc3+ 8. bxc3 0-0 9. 0-0 Nbd7 10. Bg5 h6 11. Nxd7 Qxd7 12. Bxf6 gxf6 13. cxd5 Bxd5 14. e4 Bc4 15. Re1 Rad8 16. Qg4+ Kh7 17. Qh4 e5 18. Qxf6 exd4 19. cxd4 Qxd4 20. e5 Qd2 21. Qf5+ Kg8 22. Qg4+ 1-0

[Event "Arvier Spring op-A"]
[Site "Arvier"]
[Date "2017.04.23"]
[Round "4"]
[White "Mrdja, Milan"]
[Black "Sala, Tiziano Paolo"]
[Result "1-0"]
[WhiteElo "2299"]
[BlackElo "1857"]
[PlyCount "65"]
[EventDate "2017.04.21"]
[EventType "swiss"]
[EventRounds "7"]
[EventCountry "ITA"]
[SourceTitle "CBM 178 Extra"]
[Source "ChessBase"]
[SourceDate "2017.06.22"]
[SourceVersion "1"]
[SourceVersionDate "2017.06.22"]
[SourceQuality "1"]

1. e4 c5 2. Nf3 e6 3. d4 cxd4 4. Nxd4 a6 5. Nc3 Qc7 6. Be3 Nf6 7. a3 Nc6 8. f4 d6 9. Be2 Be7 10. 0-0 0-0 11. Kh1 b6 12. Nxc6 Qxc6 13. e5 Bb7 14. Bf3 Nd5 15. Nxd5 exd5 16. c4 dxe5 17. Bxd5 Qc7 18. Bxb7 Qxb7 19. fxe5 Qc7 20. Qg4 Qxe5 21. Bxb6 Bd6 22. Bg1 f5 23. Qf3 Rad8 24. b4 Bb8 25. Rad1 g6 26. c5 Qf6 27. a4 f4 28. b5 g5 29. b6 g4 30. Qxg4+ Kh8 31. Qf3 Rg8 32. Rxd8 Qxd8 33. Qc3+ 1-0

[Event "Omegna op 4th"]
[Site "Omegna"]
[Date "2016.08.06"]
[Round "3"]
[White "Coppola, Federico"]
[Black "Sala, Tiziano Paolo"]
[Result "1-0"]
[WhiteElo "2005"]
[BlackElo "1819"]
[PlyCount "85"]
[EventDate "2016.08.05"]
[EventType "swiss"]
[EventRounds "5"]
[EventCountry "ITA"]
[SourceTitle "EXT 2018"]
[Source "ChessBase"]
[SourceDate "2017.10.13"]
[SourceVersion "1"]
[SourceVersionDate "2017.10.13"]
[SourceQuality "1"]

1. Nf3 d5 2. g3 Nf6 3. Bg2 Bf5 4. c4 c6 5. Qb3 Qc8 6. cxd5 cxd5 7. 0-0 Nc6 8. Nc3 e6 9. d3 Be7 10. Bf4 Nh5 11. Bd2 0-0 12. Rac1 h6 13. e4 dxe4 14. dxe4 Bh7 15. e5 g5 16. Nb5 Qb8 17. Rfe1 a6 18. Nbd4 Ng7 19. Nxc6 bxc6 20. Nd4 Qxb3 21. Nxb3 f5 22. exf6 Bxf6 23. Bc3 Rac8 24. Bxf6 Rxf6 25. Rxc6 Rxc6 26. Bxc6 Bd3 27. Nc5 Bb5 28. Bxb5 axb5 29. Re4 Kf7 30. Rb4 Kg6 31. Rxb5 Nf5 32. Nd7 Nd4 33. Nxf6 Nxb5 34. Ne4 Kf5 35. a4 Nd4 36. Nd6+ Ke5 37. Nf7+ Ke4 38. Nxh6 Nf3+ 39. Kg2 Ne1+ 40. Kf1 Nd3 41. a5 Nxb2 42. a6 Nc4 43. Nf7 1-0